Valentine Conversation Heart Lyrics Quiz Stats

 Plays Quiz Updated Feb 14, 2018

Challenge
Share
Tweet
Score 0/20 Timer 05:00
0 Plays Today
% Correct
Call Me
93%
Puppy Love
90.8%
Best Day
90.2%
Crazy for You
89.9%
Love Him
89.5%
Sunshine
89.5%
Angel
89.2%
Hello
88.5%
My Girl
87.3%
Love Me
87.1%
% Correct
Goodbye
86.3%
Smile
85.4%
Miss You
83.9%
My Baby
82.7%
Kiss Me
81.2%
Say Yes
80.5%
Marry Me
77.6%
Love Her
77.4%
I Love You
77.1%
Sweetheart
75.6%

You're not logged in!

Compare scores with friends on all Sporcle quizzes.
Join for Free
OR
Log In

You Might Also Like...

Show Comments

Extras

Top Quizzes Today


Score Distribution

Your Account Isn't Verified!

In order to create a playlist on Sporcle, you need to verify the email address you used during registration. Go to your Sporcle Settings to finish the process.

Report this User

Report this user for behavior that violates our Community Guidelines.

Details: